Football : Année de 1ère participation à la coupe du monde - Statistiques

Statistiques générales
  • Ce quiz a été pris 27 fois
    20 depuis la dernière actualisation
  • Le résultat moyen est 30 sur 84
Statistiques - réponses
Hint Réponse % Correct
Brésil 1930
67%
Argentine 1930
67%
France 1930
67%
Uruguay 1930
67%
Qatar 2022
60%
Etats-Unis 1930
53%
Yougoslavie 1930
53%
Pérou 1930
53%
Italie 1934
53%
Espagne 1934
53%
Hongrie 1934
53%
Autriche 1934
53%
Zaîre 1974
53%
Islande 2018
53%
Mexique 1930
47%
Paraguay 1930
47%
Suisse 1934
47%
Pays-Bas 1934
47%
Corée-du-Nord 1966
47%
Algérie 1982
47%
Croatie 1998
47%
Bosnie-Herzégovine 2014
47%
Belgique 1930
40%
Chili 1930
40%
Bolivie 1930
40%
Allemagne 1934
40%
Suède 1934
40%
Tchécoslovaquie 1934
40%
Angleterre 1950
40%
Pays-de-Galles 1958
40%
Japon 1998
40%
Sénégal 2002
40%
Chine 2002
40%
Ukraine 2006
40%
Serbie 2010
40%
Panama 2018
40%
Roumanie 1930
33%
Indes orientales néerlandaises 1938
33%
Allemagne de l'est 1974
33%
Haîti 1974
33%
Iran 1978
33%
Cameroun 1982
33%
Nouvelle-Zélande 1982
33%
Koweït 1982
33%
Danemark 1986
33%
Canada 1986
33%
Costa Rica 1990
33%
Emirats arabes unis 1990
33%
Nigeria 1994
33%
Russie 1994
33%
Grèce 1994
33%
Angola 2006
33%
Togo 2006
33%
Egypte 1934
27%
Cuba 1938
27%
Irlande-du-Nord 1958
27%
Portugal 1966
27%
Salvador 1970
27%
Israël 1970
27%
Tunisie 1978
27%
Irak 1986
27%
Afrique-du-Sud 1998
27%
Jamaïque 1998
27%
Slovénie 2002
27%
Côte d'ivoire 2006
27%
Trinité-et-Tobago 2006
27%
Pologne 1938
20%
Corée-du-Sud 1954
20%
Turquie 1954
20%
Bulgarie 1962
20%
Colombie 1962
20%
Maroc 1970
20%
Australie 1974
20%
Honduras 1982
20%
Arabie Saoudite 1994
20%
Equateur 2002
20%
Ghana 2006
20%
Slovaquie 2010
20%
Norvège 1938
13%
Ecosse 1954
13%
URSS 1958
13%
Irlande 1990
13%
Tchéquie 2006
13%
Serbie-et-Monténégro 1998
7%
Aucun quiz correspondant
Distribution des résultats
% des personnes avec chaque résultat
Percentile par nombre de réponses
Votre historique - résultats
Vous n’avez pas pris ce quiz depuis la dernière actualisation